00266nam a2200121Ia 45000030006000000080041000060400015000471000021000622450023000832600009001065460012001150050017001270STCL150530s9999 xx 000 0 und d aSTCLcSTCL aAndrews Thazhath aPavangalute Pitavu c1993 aEnglish20220125165341.0